banner-ar

هندسة الرواية : (Record no. 64084)

MARC details
000 -الفاتح
حقل البيانات ثابتة الطول 00989nam a22002417a 4500
005 - وقت وتاريخ اخر تعامل مع التسجيلة
رقم الضبط 20240530110713.0
008 - عناصر البيانات ثابتة الطول - معلومات عامة
حقل البيانات ثابتة الطول 180213s2016 ua a g 000 1 ara d
017 ## - رقم الايداع القانونى
رقم الايداع القانونى 2015/28017
المصدر ( الهيئة المختصة) مصر. دار الكتب
020 ## - الرقم الدولى المعيارى للكتب
الرقم الدولى المعيارى للكتاب 9789773223724
040 ## - مصدر الفهرسة
وكالة الفهرسة الأصلية EG-CaGPL
وكالة النسخ EG-CaGPL
082 04 - رقم تصنيف ديوى العشرى
رقم الطبعة 21
رقم التصنيف 813.009/
رقم المادة ع هـ
100 0# - المدخل الرئيسى - إسم شخصى
الإسم الشخصى عبدالمنعم ذكريا القاضى
245 10 - بيان العنوان
العنوان هندسة الرواية :
بقية العنوان دراسة فى بنية السرد الموازى عند محمد قطب /
بيان المسئوليه,etc تأليف عبدالمنعم ذكريا القاضى .
250 ## - بيان الطبعة
بيان الطبعة ط. 1
260 ## - PUBLICATION, DISTRIBUTION, ETC. (IMPRINT)
تاريخ النشر أو التوزيع 2016.
300 ## - الوصف المادى
التعداد 315 ص. ؛
أبعاد الوعاء 24 سم.
504 ## - تبصرة ببليوجرافية
تبصرة ببليوجرافية,الخ ببليوجرافية : 287 -307
600 0# - المدخل الاضافى بالموضوع-اسم شخصى
الإسم الشخصى محمد قطب
650 07 - المدخل الاضافى بالموضوع-مصطلح موضوعى
مصدر الرأس أو المصطلح qrmak
مصطلح موضوعي القصص العربية
التقسيم الفرعي العام تاريخ ونقد
650 07 - المدخل الاضافى بالموضوع-مصطلح موضوعى
مصدر الرأس أو المصطلح qrmak
مصطلح موضوعي الخطاب
942 ## - عناصر المدخل الإضافي( كوها)
مصدر التصنيف او مخطط الترفيف Dewey Decimal Classification
Koha [default] item type كتاب
260 ## - PUBLICATION, DISTRIBUTION, ETC. (IMPRINT)
-- القاهرة :
-- عين للدراسات و البحوث الانسانية و الاجتماعية،
Holdings
حالة التراجع حالة الفقد حالة تلف ليس للاعارة المكان المؤقت الموقع الحالى موقع الترفيف تاريخ الاكتساب اجمالي اﻻعارات رقم الطلب الباركود تاريخ اخر مشاهدة تاريخ تفعيل السعر نوع وعاء كوها
        مكتبة القاهرة الكبرى مكتبة القاهرة الكبرى القاعة الرئيسية 02/13/2018   813.009/ ع هـ 164216 02/13/2018 02/13/2018 كتاب

Powered By

EGPV